O elefante Zacarias (Registo nº 1900)

Detalhes MARC
000 -Etiqueta do registo
Cabeçalho 00914nam a22003131 4500
005 - Identificador da versão
Campo de controlo 20240813121919.0
010 ## - Número internacional normalizado dos livros (ISBN)
Número (ISBN) 9722617737
021 ## - Número do Depósito Legal
Código do país PT
Número 155359/00
100 ## - Dados gerais de processamento
Dados gerais de processamento 20070525d2001 c y0pory500305 ba
102 ## - Pais de publicação ou produção
País de publicação Portugal
101 1# - Língua de publicação
Língua do texto, banda sonora, etc. Português
Língua do documento no original Francês
106 ## - Campo de dados codificados: material textual
Dados codificados do material textual r
105 ## - Campo de dados codificados: livros
Dados codificados dos livros a z 000fy
215 ## - Descrição física 
Indicação específica da natureza do documento e extensão da espécie [24] p.
Outras indicações físicas todo il.
Dimensões 29 cm
200 1# - Titulo e menção de responsabilidade
Título próprio O elefante Zacarias
Primeira menção de responsabilidade Rachel Bisseuil
Outras menções de responsabilidade il. Christian Guibbaud
-- trad. Ana Magno
225 2# - Colecção 
Título próprio da colecção Amigos do coração
210 ## - Publicação, Distribuição, etc. 
Lugar da edição, distribuição, etc. Porto
Nome do editor, distribuidor, etc. Civilização
Data da publicação, distribuição, etc. cop. 2001
304 ## - Notas relativas a título e menção de responsabilidade 
Texto da nota Tít. orig.: Zed l'elephant
606 ## - Nome comum usado como assunto
Número de registo de entrada de autoridade 0000001
Palavra de ordem Literatura estrangeira infantil
Subdivisão de assunto Conto
675 ## - Classificação Decimal Universal (CDU)
Notação 82-34
Edição
Língua da edição por
702 #1 - Nome de autor-pessoa física (responsabilidade secundária)
Número de registo de entrada de autoridade 0000491
Palavra de ordem Guibbaud
Outra parte do nome não tomada para palavra de ordem Christian
Código de função Ilustrador / Técnico de desenho computorizado
Número de registo de entrada de autoridade 0000492
Palavra de ordem Magno
Outra parte do nome não tomada para palavra de ordem Ana
Código de função Tradutor
700 ## - Nome de autor-pessoa física (responsabilidade principal)
Número de registo de entrada de autoridade 0000490
Palavra de ordem Bisseuil
Outra parte do nome não tomada para palavra de ordem Rachel
942 ## - Elementos de entrada adicionados (Koha)
Tipo de item no Koha Livro
Exemplares
Situação do levantamento Origin of item (home branch) (coded) Biblioteca de empréstimo Código de barras Cota Circulation type (not for loan) Tipo de documento Nota do exemplar Damaged status
  Biblioteca Escolar da Coca Maravilhas Biblioteca Escolar da Coca Maravilhas BECM5608/02 8EST BIS   Livro Sem mensagem